Państwa z najmniejszym wskaźnikiem rozwoju społecznego - Statystyki

Ogólne statystyki
  • Ten quiz został rozwiązany 103 razy
  • Średni wynik to 12 z 20
Statystyki odpowiedzi
WRS Państwo % Poprawnych
0.353 Niger
83%
0.396 Czad
80%
0.435 Demokratyczna Republika Konga
76%
0.418 Sudan Południowy
71%
0.442 Mali
68%
0.448 Etiopia
67%
0.414 Gwinea
65%
0.420 Erytrea
64%
0.352 Republika Środkowoafrykańska
64%
0.424 Gwinea Bissau
60%
0.418 Mozambik
60%
0.452 Gambia
59%
0.402 Burkina Faso
57%
0.427 Liberia
55%
0.420 Sierra Leone
53%
0.473 Dżibuti
50%
0.474 Wybrzeże Kości Słoniowej
50%
0.404 Burundi
49%
0.476 Malawi
47%
0.479 Afganistan
39%
Nie znaleziono quizów pasujących do podanych kryteriów
Rozkład punktacji
Procent ludzi z każdym wynikiem
Percentyl według liczby udzielonych odpowiedzi
Twoja historia wyników
Nie rozwiązałeś tego quizu